Law of employees' victimisation; (Record no. 71907)
[ view plain ]
| 000 -LEADER | |
|---|---|
| fixed length control field | 00786cam a22002531 4500 |
| 001 - CONTROL NUMBER | |
| control field | sa 67000314 |
| 003 - CONTROL NUMBER IDENTIFIER | |
| control field | DLC |
| 005 - DATE AND TIME OF LATEST TRANSACTION | |
| control field | 20260227112313.0 |
| 008 - FIXED-LENGTH DATA ELEMENTS--GENERAL INFORMATION | |
| fixed length control field | 740123s1966 ii 000 0 eng |
| 010 ## - LIBRARY OF CONGRESS CONTROL NUMBER | |
| LC control number | sa 67000314 |
| 025 ## - OVERSEAS ACQUISITION NUMBER | |
| Overseas acquisition number | PL480:I-E-7029 |
| 040 ## - CATALOGING SOURCE | |
| Original cataloging agency | DLC |
| Transcribing agency | DLC |
| Modifying agency | DLC |
| 043 ## - GEOGRAPHIC AREA CODE | |
| Geographic area code | a-ii--- |
| 050 00 - LIBRARY OF CONGRESS CALL NUMBER | |
| Classification number | KNS1254 |
| Item number | .C43 1966 |
| 082 00 - DEWEY DECIMAL CLASSIFICATION NUMBER | |
| Classification number | 340 |
| 100 1# - MAIN ENTRY--PERSONAL NAME | |
| Personal name | Chakraverti, Suranjan. |
| 245 10 - TITLE STATEMENT | |
| Title | Law of employees' victimisation; |
| Remainder of title | relating to industrial, non-industrial and government employees. |
| Statement of responsibility, etc. | By Suranjan Chakraverti and Shyama Charan. |
| 260 ## - PUBLICATION, DISTRIBUTION, ETC. | |
| Place of publication, distribution, etc. | Allahabad, |
| Name of publisher, distributor, etc. | Law Book Co., |
| Date of publication, distribution, etc. | 1966. |
| 300 ## - PHYSICAL DESCRIPTION | |
| Extent | xvi, 371 p. |
| Dimensions | 25 cm. |
| 350 ## - PRICE (NR) (BK AM CF MU VM SE) [OBSOLETE] | |
| Price | Rs16 |
| 650 #0 - SUBJECT ADDED ENTRY--TOPICAL TERM | |
| Topical term or geographic name entry element | Labor laws and legislation |
| Geographic subdivision | India. |
| 650 #0 - SUBJECT ADDED ENTRY--TOPICAL TERM | |
| Topical term or geographic name entry element | Civil service |
| Geographic subdivision | India. |
| 700 0# - ADDED ENTRY--PERSONAL NAME | |
| Personal name | Shyama Charan, |
| Relator term | joint author. |
No items available.